000 01294nam a22003377a 4500
005 20240530110336.0
008 141019s2011 ua gr 000 0 ara d
017 _a23895/2009
_bمصر . دار الكتب
020 _a9789773286662
040 _aEG-CaGPL
082 0 4 _221
_a371\
_bر ث
100 0 _aرضا عبدالبديع السيد
245 1 _aثقافة المدرسة العربية والعولمة :
_bفى ضوء بعض الخبرات العربية والاجنبية /
_cرضا عبدالبديع السيد
260 _aالاسكندرية :
_bدار الجامعة الجديدة ،
_c2011
300 _a590 ص؛
_c24 سم
650 0 4 _aالمدارس
650 0 4 _aالنشاط المدرسى
650 0 4 _aالمدارس
_xثقافة
650 0 4 _aالمدارس
_zالبحرين
650 0 4 _aالمدارس
_zقطر
650 0 4 _aالمدارس
_zسلطنة عمان
650 0 4 _aالمدارس
_zالامارات
650 0 4 _aالمدارس
_zالكويت
650 0 4 _aالمدارس
_zالسعودية
650 0 4 _aالمدارس
_zمصر
650 0 4 _aالمدارس
_zالجزائر
650 0 4 _aالمدارس
_zاليابان
650 0 4 _aالمدارس
_zماليزيا
942 _2ddc
_cBK
999 _c59799
_d59799